| 000 | 00329nam a22001097a 4500 | ||
|---|---|---|---|
| 082 | _a355.02 DIN'W | ||
| 100 |
_aDINERSTEIN, H. S _960325 |
||
| 245 | _aWAR AND THE SOVIET UNION NUCLEAR WEAPONS AND THE REVOLUTION IN SOVIET MILITARY AND POLITICAL THINKING | ||
| 260 |
_aLONDON _bSTEVENS & SONS _c1959 |
||
| 300 | _a268P | ||
| 942 | _cBK | ||
| 999 |
_c570079 _d570079 |
||